| 000 | 00477nam a2200205Ia 4500 | ||
|---|---|---|---|
| 008 | 180523s9999 xx 000 0 und d | ||
| 020 | _a9833733115 | ||
| 050 | _aMAIN GV 1005 | ||
| 050 | _b.P37 2007 | ||
| 100 | _aParker, Don. | ||
| 245 | 0 | _aTable tennis / | |
| 245 | 0 | _cDon Parker. | |
| 260 | _aMalaysia : | ||
| 260 | _bUnipress Publishing, | ||
| 260 | _c2007 | ||
| 300 | _a62 pages : | ||
| 300 | _billustrations ; | ||
| 300 | _c18 cm. | ||
| 650 | _aTable tennis. | ||
| 999 |
_c356711 _d356711 |
||